[Event "Titled Tuesday intern op 02nd Apr Late"]
[Site "Chess.com INT"]
[Date "2024.04.02"]
[Round "6"]
[White "D'Arruda, Ricardo D"]
[Black "Nilssen, Ellen Fredericia"]
[Result "0-1"]
[WhiteElo "2271"]
[BlackElo "2195"]
[PlyCount "118"]
[EventDate "2024.04.02"]
[EventType "swiss (blitz)"]
[EventRounds "11"]
[EventCountry "USA"]
[SourceTitle "CB15_2024"]
[SourceDate "2024.04.10"]
[SourceVersion "1"]
[SourceVersionDate "2024.04.10"]
[SourceQuality "1"]

1. e4 c6 2. d4 d5 3. Nc3 dxe4 4. Nxe4 Nf6 5. Nxf6+ exf6 6. Nf3 Bd6 7. Bc4 0-0 8. 0-0 Nd7 9. h3 Re8 10. Re1 Nf8 11. Be3 Be6 12. Qd3 Bxc4 13. Qxc4 Qc7 14. Bd2 Rad8 15. Rxe8 Rxe8 16. Re1 Rxe1+ 17. Bxe1 Qe7 18. Kf1 Ne6 19. g3 h5 20. h4 g6 21. Bd2 Ng7 22. d5 cxd5 23. Qxd5 Nf5 24. c4 Qc7 25. b3 Kg7 26. Bc3 Qe7 27. Ng5 Bxg3 28. Ne4 Be5 29. Bd2 Nxh4 30. c5 Nf3 31. Be3 h4 32. Nd6 Nh2+ 33. Kg2 b6 34. cxb6 axb6 35. Nc4 b5 36. Nxe5 fxe5 37. Kxh2 b4 38. Qe4 f5 39. Qd5 e4 40. Bf4 Qa7 41. Qe5+ Kg8 42. Qb8+ Qxb8 43. Bxb8 g5 44. Bd6 f4 45. Bxb4 Kf7 46. Bd6 Ke6 47. Bc7 Kf5 48. a4 g4 49. a5 g3+ 50. fxg3 hxg3+ 51. Kg2 Kg4 52. a6 f3+ 53. Kg1 e3 54. a7 e2 55. Ba5 f2+ 56. Kg2 e1Q 57. Bxe1 fxe1Q 58. a8Q Qf2+ 59. Kh1 Qh2# 0-1

[Event "Titled Tuesday intern op 02nd Apr Late"]
[Site "Chess.com INT"]
[Date "2024.04.02"]
[Round "2"]
[White "Rohwer, Paul"]
[Black "D'Arruda, Ricardo D"]
[Result "1-0"]
[WhiteElo "2225"]
[BlackElo "2271"]
[PlyCount "89"]
[EventDate "2024.04.02"]
[EventType "swiss (blitz)"]
[EventRounds "11"]
[EventCountry "USA"]
[SourceTitle "CB15_2024"]
[SourceDate "2024.04.10"]
[SourceVersion "1"]
[SourceVersionDate "2024.04.10"]
[SourceQuality "1"]

1. e4 c5 2. Nf3 Nc6 3. d4 cxd4 4. Nxd4 e5 5. Nb5 a6 6. N5c3 Nf6 7. Bg5 d6 8. Bd3 Be7 9. 0-0 Be6 10. Nd2 h6 11. Bxf6 Bxf6 12. Nc4 0-0 13. Nd5 Bxd5 14. exd5 Ne7 15. Qf3 Ng6 16. Bxg6 fxg6 17. Qe4 Kh7 18. g3 Rc8 19. h4 Qe8 20. Nxd6 Qd7 21. Nxc8 Rxc8 22. Rac1 h5 23. c4 b6 24. b4 Qd6 25. a3 a5 26. c5 bxc5 27. bxc5 Rxc5 28. Rxc5 Qxc5 29. a4 Be7 30. Rd1 Bd6 31. Kg2 Qc3 32. Rd3 Qc7 33. Rd2 Qd7 34. Rc2 Qb7 35. Rc6 Qb8 36. Qc4 Bb4 37. Qd3 Qe8 38. Re6 Qxa4 39. Qxg6+ Kg8 40. Re8+ Bf8 41. Qe6+ Kh7 42. Qf5+ g6 43. Qf7+ Bg7 44. Re7 Qe4+ 45. Kh2 1-0

[Event "Titled Tuesday intern op 12th Mar Late"]
[Site "Chess.com INT"]
[Date "2024.03.12"]
[Round "6"]
[White "Helmer, Jan"]
[Black "D'Arruda, Ricardo D"]
[Result "0-1"]
[WhiteElo "2206"]
[BlackElo "2271"]
[PlyCount "102"]
[EventDate "2024.03.12"]
[EventType "swiss (blitz)"]
[EventRounds "11"]
[EventCountry "USA"]
[SourceTitle "CB12_2024"]
[SourceDate "2023.10.01"]
[SourceVersion "1"]
[SourceVersionDate "2023.10.01"]
[SourceQuality "1"]

1. Nf3 d5 2. e3 Nf6 3. c4 c6 4. Nc3 g6 5. d4 Bg7 6. cxd5 cxd5 7. Be2 0-0 8. 0-0 Nc6 9. Ne5 e6 10. Nxc6 bxc6 11. b3 Nd7 12. Ba3 Re8 13. Rc1 e5 14. Na4 Bb7 15. Nc5 Nxc5 16. Bxc5 a5 17. Qd2 Ba6 18. Bxa6 Rxa6 19. Rc2 a4 20. b4 Qb8 21. a3 Qb5 22. Rfc1 h6 23. dxe5 Bxe5 24. Bd4 Bxd4 25. Qxd4 Re4 26. Qf6 Qd3 27. Rxc6 Rxc6 28. Qxc6 Qxa3 29. b5 Rc4 30. Qa8+ Kg7 31. Rf1 Rc5 32. b6 Rb5 33. b7 Qb3 34. Qa7 Rxb7 35. Qd4+ Kh7 36. h4 a3 37. h5 a2 38. hxg6+ fxg6 39. Ra1 Qb1+ 40. Kh2 h5 41. Qf6 Ra7 42. Qd4 Rf7 43. f3 Rd7 44. Qf6 Ra7 45. Qd4 Re7 46. Qf6 Rg7 47. Qd4 Rd7 48. Qf6 d4 49. Qe6 Qxa1 50. Qxd7+ Kh6 51. Qd8 dxe3 0-1

[Event "Titled Tuesday intern op 12th Mar Late"]
[Site "Chess.com INT"]
[Date "2024.03.12"]
[Round "5"]
[White "Kosakowski, Jakub"]
[Black "D'Arruda, Ricardo D"]
[Result "1-0"]
[WhiteElo "2482"]
[BlackElo "2271"]
[PlyCount "71"]
[EventDate "2024.03.12"]
[EventType "swiss (blitz)"]
[EventRounds "11"]
[EventCountry "USA"]
[SourceTitle "CB12_2024"]
[SourceDate "2023.10.01"]
[SourceVersion "1"]
[SourceVersionDate "2023.10.01"]
[SourceQuality "1"]

1. d4 Nf6 2. Bf4 d6 3. h3 Nbd7 4. Nf3 c5 5. e3 g6 6. c3 Bg7 7. Bh2 b6 8. Bd3 Bb7 9. Nbd2 0-0 10. 0-0 Qc7 11. e4 e5 12. dxe5 Nxe5 13. Nxe5 dxe5 14. Qe2 Rfe8 15. Ba6 Rad8 16. Bxb7 Qxb7 17. Rfe1 b5 18. a4 a6 19. axb5 axb5 20. b3 Rd6 21. Ra5 Rb6 22. Rea1 Nh5 23. Ra7 Qc6 24. Nf1 Nf4 25. Qf3 c4 26. b4 Qf6 27. Ne3 Rd6 28. Ra8 Rdd8 29. Rxd8 Rxd8 30. Bxf4 exf4 31. Nd5 Qe5 32. Ra7 Re8 33. Rb7 g5 34. Rxb5 Qxe4 35. Qxe4 Rxe4 36. Rb8+ 1-0

[Event "Titled Tuesday intern op 27th Feb Late"]
[Site "Chess.com INT"]
[Date "2024.02.27"]
[Round "3"]
[White "D'Arruda, Ricardo D"]
[Black "Seo, Jung Min"]
[Result "0-1"]
[WhiteElo "2271"]
[BlackElo "2466"]
[PlyCount "68"]
[EventDate "2024.02.27"]
[EventType "swiss (blitz)"]
[EventRounds "11"]
[EventCountry "USA"]
[SourceTitle "CB10_2024"]
[SourceDate "2024.03.06"]
[SourceVersion "1"]
[SourceVersionDate "2024.03.06"]
[SourceQuality "1"]

1. c4 Nf6 2. Nf3 g6 3. Nc3 Bg7 4. e4 c5 5. g3 Nc6 6. Bg2 d6 7. d3 0-0 8. 0-0 a6 9. Nh4 Rb8 10. a4 Bd7 11. f4 Nd4 12. Be3 b5 13. axb5 axb5 14. cxb5 Nxb5 15. Kh1 Ng4 16. Bd2 Nd4 17. Rb1 Nb3 18. h3 Nxd2 19. Qxd2 Nf6 20. Kh2 Rb3 21. Rfc1 Qb8 22. Rc2 Qb4 23. Nf3 Bc6 24. e5 Nd5 25. Nxd5 Bxd5 26. Qxb4 Rxb4 27. exd6 exd6 28. Nd2 Ba2 29. Ra1 Be6 30. Rb1 Rfb8 31. b3 Bd4 32. Nc4 d5 33. Nd2 c4 34. dxc4 dxc4 0-1

[Event "Titled Tuesday intern op 13th Feb Late"]
[Site "Chess.com INT"]
[Date "2024.02.13"]
[Round "2"]
[White "D'Arruda, Ricardo D"]
[Black "Sokolovsky, Yahli"]
[Result "0-1"]
[WhiteElo "2271"]
[BlackElo "2471"]
[PlyCount "96"]
[EventDate "2024.02.13"]
[EventType "swiss (blitz)"]
[EventRounds "11"]
[EventCountry "USA"]
[SourceTitle "CB08_2024"]
[SourceDate "2024.02.21"]
[SourceVersion "1"]
[SourceVersionDate "2024.02.21"]
[SourceQuality "1"]

1. Nf3 d6 2. d4 g6 3. Nc3 Bg7 4. e4 a6 5. Bg5 b5 6. Qd2 Bb7 7. 0-0-0 Nd7 8. e5 h6 9. Bh4 g5 10. Bg3 Nb6 11. e6 fxe6 12. Bd3 Kf7 13. Rhe1 Nf6 14. h4 g4 15. Ng1 Bxg2 16. Nge2 Nbd5 17. Kb1 Bf3 18. Nxd5 exd5 19. Nf4 Ne4 20. Qe3 c6 21. Be2 Bxe2 22. Qxe2 h5 23. f3 gxf3 24. Qxf3 Bf6 25. Nxh5 Qg8 26. Nxf6 Qxg3 27. Qxg3 Nxg3 28. Rg1 Ne2 29. Rg2 exf6 30. Rxe2 Rxh4 31. Rde1 Ra7 32. c3 Re4 33. Rxe4 dxe4 34. Rxe4 Re7 35. Rh4 Kg6 36. Kc2 f5 37. Kd2 Kg5 38. Rh8 f4 39. Rg8+ Kh4 40. Rg6 f3 41. Rxd6 f2 42. Rf6 Kg3 43. b3 Kg2 44. c4 f1Q 45. Rxf1 Kxf1 46. Kd3 Kf2 47. d5 cxd5 48. cxd5 Re1 0-1

[Event "Titled Tuesday intern op 23rd Jan Late"]
[Site "Chess.com INT"]
[Date "2024.01.23"]
[Round "7"]
[White "D'Arruda, Ricardo D"]
[Black "Pavlidou, Ekaterini"]
[Result "0-1"]
[WhiteElo "2271"]
[BlackElo "2206"]
[PlyCount "38"]
[EventDate "2024.01.23"]
[EventType "swiss (blitz)"]
[EventRounds "11"]
[EventCountry "USA"]
[SourceTitle "CB05_2024"]
[SourceDate "2024.01.31"]
[SourceVersion "1"]
[SourceVersionDate "2024.01.31"]
[SourceQuality "1"]

1. d4 Nf6 2. Nf3 b6 3. c4 e6 4. Nc3 Bb4 5. Bd2 Bb7 6. e3 Bxc3 7. Bxc3 Ne4 8. Qc2 f5 9. Be2 d6 10. 0-0-0 Nd7 11. h4 Ndf6 12. d5 Nxf2 13. dxe6 Be4 14. Qa4+ c6 15. Nd4 Qc7 16. Bf3 Nxh1 17. Rxh1 0-0 18. Bxe4 Nxe4 19. Nxc6 Nc5 0-1

[Event "Titled Tuesday intern op 23rd Jan Late"]
[Site "Chess.com INT"]
[Date "2024.01.23"]
[Round "8"]
[White "Harriott, Tyrell"]
[Black "D'Arruda, Ricardo D"]
[Result "1-0"]
[WhiteElo "1802"]
[BlackElo "2271"]
[PlyCount "67"]
[EventDate "2024.01.23"]
[EventType "swiss (blitz)"]
[EventRounds "11"]
[EventCountry "USA"]
[SourceTitle "CB05_2024"]
[SourceDate "2024.01.31"]
[SourceVersion "1"]
[SourceVersionDate "2024.01.31"]
[SourceQuality "1"]

1. d4 Nf6 2. e3 d6 3. Bd3 Nbd7 4. f4 e5 5. Ne2 c6 6. 0-0 Be7 7. Ng3 g6 8. c3 0-0 9. Nd2 Re8 10. Kh1 Qc7 11. Qc2 Nf8 12. fxe5 dxe5 13. Nc4 Ng4 14. h3 exd4 15. hxg4 Qxg3 16. exd4 Bxg4 17. Ne5 Bd6 18. Bf4 Qh4+ 19. Kg1 Be6 20. Qd2 Qd8 21. Qf2 f5 22. Rae1 Qc7 23. Bb1 Nd7 24. Nxd7 Bxd7 25. Rxe8+ Rxe8 26. Bh6 Bh2+ 27. Kh1 Bg3 28. Qf3 Be6 29. Bc2 Bd5 30. Bb3 Bxb3 31. axb3 Re1 32. Rxe1 Bxe1 33. Qe2 Kf7 34. Qxe1 1-0

[Event "Titled Tuesday intern op 16th Jan Late"]
[Site "Chess.com INT"]
[Date "2024.01.16"]
[Round "1"]
[White "D'Arruda, Ricardo D"]
[Black "Drygalov, Andrey"]
[Result "0-1"]
[WhiteElo "2271"]
[BlackElo "2475"]
[PlyCount "80"]
[EventDate "2024.01.16"]
[EventType "swiss (blitz)"]
[EventRounds "11"]
[EventCountry "USA"]
[SourceTitle "CB04_2024"]
[SourceDate "2023.10.16"]
[SourceVersion "1"]
[SourceVersionDate "2023.10.16"]
[SourceQuality "1"]

1. Nf3 d5 2. g3 Nf6 3. Bg2 g6 4. 0-0 Bg7 5. d3 0-0 6. e3 c5 7. Nc3 Nc6 8. Qe2 e5 9. e4 d4 10. Nb1 Ne8 11. Nbd2 Nd6 12. h3 Be6 13. b3 b5 14. a4 a6 15. Ba3 Nb4 16. Bxb4 cxb4 17. Ne1 Qc7 18. f4 f6 19. Ndf3 Nf7 20. Kh2 exf4 21. Nxd4 fxg3+ 22. Kh1 Qb6 23. Nxe6 Qxe6 24. axb5 axb5 25. Rxa8 Rxa8 26. e5 Rc8 27. d4 fxe5 28. Nd3 Qd6 29. d5 Nh6 30. Qe4 Nf5 31. Nxb4 Rc3 32. Nc6 Re3 33. Qg4 h5 34. Qg5 Bh6 35. Qd8+ Qxd8 36. Nxd8 Re2 37. Nc6 Ne3 38. Bf3 Rh2+ 39. Kg1 Nxf1 40. Kxf1 Rf2+ 0-1

[Event "Titled Tuesday intern op 16th Jan Late"]
[Site "Chess.com INT"]
[Date "2024.01.16"]
[Round "5"]
[White "D'Arruda, Ricardo D"]
[Black "Espinoza Villanueva, Rodrigo"]
[Result "0-1"]
[WhiteElo "2271"]
[BlackElo "1928"]
[PlyCount "128"]
[EventDate "2024.01.16"]
[EventType "swiss (blitz)"]
[EventRounds "11"]
[EventCountry "USA"]
[SourceTitle "CB04_2024"]
[SourceDate "2023.10.16"]
[SourceVersion "1"]
[SourceVersionDate "2023.10.16"]
[SourceQuality "1"]

1. Nf3 Nf6 2. d4 g6 3. Nc3 d5 4. Bg5 Bg7 5. Bxf6 Bxf6 6. e4 dxe4 7. Nxe4 Bg7 8. Bc4 0-0 9. 0-0 Bg4 10. c3 Nd7 11. Re1 e5 12. dxe5 Bxf3 13. Qxf3 Nxe5 14. Qe2 Nxc4 15. Qxc4 c6 16. Rad1 Qc7 17. h4 Rad8 18. h5 Qf4 19. hxg6 hxg6 20. g3 Qf3 21. Rxd8 Rxd8 22. Ng5 Qf6 23. Ne4 Qe5 24. Qe2 a5 25. Kg2 Qd5 26. c4 Qd4 27. b3 Qe5 28. Nd2 Qxe2 29. Rxe2 Kf8 30. Nf3 Bf6 31. Rd2 Rxd2 32. Nxd2 Ke7 33. Kf3 Be5 34. g4 f5 35. gxf5 gxf5 36. Ke3 Kd6 37. Nf3 Bf6 38. Nd4 f4+ 39. Ke4 Kc5 40. Nc2 Bg5 41. Kf5 Bh6 42. f3 b5 43. cxb5 cxb5 44. Ke5 a4 45. Ke4 Bg5 46. Kd3 Bd8 47. Nd4 Kb4 48. Nc6+ Ka3 49. Nxd8 Kxa2 50. bxa4 bxa4 51. Ne6 a3 52. Nxf4 Kb2 53. Kd2 a2 54. Nd3+ Kb1 55. f4 a1Q 56. Ke3 Qf6 57. Ke4 Kc2 58. Ne5 Kc3 59. f5 Kb4 60. Ng4 Qe7+ 61. Kf4 Kc5 62. f6 Qf7 63. Kf5 Kd6 64. Nh6 Qh5+ 0-1

[Event "Titled Tuesday intern op 16th Jan Late"]
[Site "Chess.com INT"]
[Date "2024.01.16"]
[Round "7"]
[White "D'Arruda, Ricardo D"]
[Black "Khakhinov, Ilya"]
[Result "1/2-1/2"]
[WhiteElo "2271"]
[BlackElo "2236"]
[PlyCount "72"]
[EventDate "2024.01.16"]
[EventType "swiss (blitz)"]
[EventRounds "11"]
[EventCountry "USA"]
[SourceTitle "CB04_2024"]
[SourceDate "2023.10.16"]
[SourceVersion "1"]
[SourceVersionDate "2023.10.16"]
[SourceQuality "1"]

1. d4 d5 2. Nf3 Nf6 3. c4 dxc4 4. e3 e6 5. Bxc4 c5 6. 0-0 a6 7. Nc3 b5 8. Be2 Nbd7 9. b3 Be7 10. Bb2 0-0 11. Rc1 Bb7 12. Re1 Ne4 13. Qc2 Ndf6 14. Qb1 Rc8 15. Nxe4 Bxe4 16. Bd3 Bxd3 17. Qxd3 cxd4 18. Qxd4 Qxd4 19. Nxd4 Bb4 20. Red1 Rfd8 21. Kf1 Kf8 22. Ke2 Ne4 23. Rxc8 Rxc8 24. f3 Nc3+ 25. Bxc3 Rxc3 26. Rd3 Rc7 27. Kd1 Ke7 28. Nc2 Bd6 29. h3 g6 30. Nd4 h5 31. Ne2 Be5 32. Rd2 Bd6 33. Rc2 Rd7 34. Rd2 Rc7 35. Rc2 Rd7 36. Rd2 Rc7 1/2-1/2

[Event "Titled Tuesday intern op 16th Jan Late"]
[Site "Chess.com INT"]
[Date "2024.01.16"]
[Round "9"]
[White "D'Arruda, Ricardo D"]
[Black "Minina, Veronika"]
[Result "1-0"]
[WhiteElo "2271"]
[BlackElo "2057"]
[PlyCount "69"]
[EventDate "2024.01.16"]
[EventType "swiss (blitz)"]
[EventRounds "11"]
[EventCountry "USA"]
[SourceTitle "CB04_2024"]
[SourceDate "2023.10.16"]
[SourceVersion "1"]
[SourceVersionDate "2023.10.16"]
[SourceQuality "1"]

1. d4 Nf6 2. Nf3 g6 3. Nc3 d5 4. Bg5 Bg7 5. Bxf6 Bxf6 6. e4 dxe4 7. Nxe4 Bg7 8. Bc4 0-0 9. 0-0 Bf5 10. Qe2 Nc6 11. Rad1 e6 12. c3 Qe7 13. Rfe1 Rad8 14. h3 e5 15. Ng3 Bc8 16. Bb5 exd4 17. Qxe7 Nxe7 18. Rxe7 dxc3 19. Rxd8 Rxd8 20. bxc3 Be6 21. Rxc7 a6 22. Be2 b5 23. c4 b4 24. Ng5 Be5 25. Nxe6 fxe6 26. Rc6 Kf7 27. Bg4 Re8 28. Ne4 h6 29. Nc5 a5 30. Rxe6 Rd8 31. Rxe5 Rd2 32. Re2 Rd1+ 33. Kh2 Rd4 34. Nb3 Rxc4 35. Be6+ 1-0

[Event "Titled Tuesday intern op 24th Oct Late"]
[Site "Chess.com INT"]
[Date "2023.10.24"]
[Round "3"]
[White "D'Arruda, Ricardo D"]
[Black "Dourerassou, Jonathan"]
[Result "0-1"]
[WhiteElo "2271"]
[BlackElo "2415"]
[PlyCount "65"]
[EventDate "2023.10.24"]
[EventType "swiss (blitz)"]
[EventRounds "11"]
[EventCountry "USA"]
[SourceTitle "Mega2024 Update 01"]
[Source "Chessbase"]
[SourceDate "2023.11.12"]
[SourceVersion "1"]
[SourceVersionDate "2023.11.12"]
[SourceQuality "1"]

1. d4 Nf6 2. Nf3 g6 3. g3 Bg7 4. Bg2 0-0 5. 0-0 d5 6. c4 dxc4 7. Ne5 Nfd7 8. Nxc4 Nb6 9. Nxb6 axb6 10. e3 Nc6 11. Nc3 e5 12. d5 Na5 13. b3 e4 14. Bb2 f5 15. Qd2 Bd7 16. Rad1 b5 17. d6 c6 18. Nb1 Bxb2 19. Qxb2 Qf6 20. Qc1 Rfd8 21. Rd2 b6 22. Rfd1 Nb7 23. f3 Nc5 24. fxe4 fxe4 25. Nc3 Qe5 26. Rd4 Bg4 27. R1d2 Bf3 28. Qc2 Qg5 29. Bxf3 Qxe3+ 30. Kg2 exf3+ 31. Kh3 Ne6 32. Re4 Ng5+ 33. Kg4 0-1

[Event "Titled Tuesday intern op 26th Sep Late"]
[Site "Chess.com INT"]
[Date "2023.09.26"]
[Round "10"]
[White "Curtis, John"]
[Black "D'Arruda, Ricardo D"]
[Result "0-1"]
[WhiteElo "2292"]
[BlackElo "2271"]
[PlyCount "80"]
[EventDate "2023.09.26"]
[EventType "swiss (blitz)"]
[EventRounds "11"]
[EventCountry "USA"]
[SourceTitle "EXT 2024"]
[Source "ChessBase"]
[SourceDate "2023.10.10"]
[SourceVersion "1"]
[SourceVersionDate "2023.10.10"]
[SourceQuality "1"]

1. e4 c5 2. Nf3 Nc6 3. b3 e5 4. Bb5 Nf6 5. Bxc6 bxc6 6. d3 d6 7. 0-0 g6 8. Nbd2 Bg7 9. Nc4 0-0 10. Bd2 Nh5 11. Ba5 Qe7 12. Re1 Be6 13. Ne3 f5 14. exf5 gxf5 15. Nxe5 Bxe5 16. Qxh5 Bxa1 17. Rxa1 f4 18. Nc4 Bxc4 19. bxc4 Qe5 20. Qg4+ Qg7 21. Qe6+ Kh8 22. Re1 f3 23. g3 Rf6 24. Qe7 Qxe7 25. Rxe7 Rg6 26. h4 Kg8 27. Bc3 h6 28. Kh2 Kf8 29. Rh7 Re8 30. h5 Rg5 31. Rxh6 Re2 32. Rf6+ Ke7 33. Rxf3 Rxh5+ 34. Kg2 Rxc2 35. g4 Rh7 36. Bf6+ Ke6 37. g5 Kf7 38. a4 Kg6 39. Re3 Rh4 40. Kg3 Rh1 0-1

[Event "Titled Tuesday intern op 26th Sep Late"]
[Site "Chess.com INT"]
[Date "2023.09.26"]
[Round "7"]
[White "D'Arruda, Ricardo D"]
[Black "Bullen, Alex"]
[Result "1-0"]
[WhiteElo "2271"]
[BlackElo "2128"]
[PlyCount "69"]
[EventDate "2023.09.26"]
[EventType "swiss (blitz)"]
[EventRounds "11"]
[EventCountry "USA"]
[SourceTitle "EXT 2024"]
[Source "ChessBase"]
[SourceDate "2023.10.10"]
[SourceVersion "1"]
[SourceVersionDate "2023.10.10"]
[SourceQuality "1"]

1. d4 d5 2. Nf3 Nf6 3. c4 e6 4. e3 Be7 5. Nc3 0-0 6. Bd3 dxc4 7. Bxc4 a6 8. 0-0 b5 9. Be2 Bb7 10. b3 c5 11. Bb2 Nc6 12. dxc5 Bxc5 13. Rc1 Bb6 14. Qc2 Rc8 15. Rfd1 Qe7 16. Qb1 Rfd8 17. h3 Rxd1+ 18. Rxd1 Rd8 19. a3 Bc7 20. b4 Ne5 21. Nxe5 Bxe5 22. Rxd8+ Qxd8 23. Qd1 Qa8 24. Bf1 h6 25. Na4 Bxb2 26. Nxb2 Nd5 27. Qd4 Qc8 28. Nd3 Qc6 29. Nc5 Ba8 30. f3 Nf6 31. Qd8+ Kh7 32. Qe7 Nd5 33. Qxf7 Nxe3 34. Bd3+ Kh8 35. Qf8# 1-0